Las catacumbas de Rusia roja : (Record no. 41657)

MARC details
000 -LEADER
campo de control de longitud fija 00862nam a2200229 i 4500
001 - NÚMERO DE CONTROL
campo de control 41657
003 - IDENTIFICADOR DE NÚMERO DE CONTROL
campo de control ES-MaACL
005 - FECHA Y HORA DE LA ÚLTIMA TRANSACCIÓN
campo de control 20250709152310.0
007 - CAMPO FIJO DE DESCRIPCIÓN FÍSICA--INFORMACIÓN GENERAL
campo de control de longitud fija t|
008 - DATOS DE LONGITUD FIJA--INFORMACIÓN GENERAL
campo de control de longitud fija 030311s1933 sp ||||1| spa d
080 ## - NÚMERO DE LA CLASIFICACIÓN DECIMAL UNIVERSAL
Número de la Clasificación Decimal Universal 821.134.2-31"19"
100 1# - ENTRADA PRINCIPAL--NOMBRE DE PERSONA
Nombre de persona Casanova, Sofía,
Fechas asociadas al nombre 1862-1958
9 (RLIN) 36108
245 14 - MENCIÓN DEL TÍTULO
Título Las catacumbas de Rusia roja :
Resto del título novela /
Mención de responsabilidad, etc. por Sofía Casanova.
260 ## - PUBLICACIÓN, DISTRIBUCIÓN, ETC.
Lugar de publicación, distribución, etc. Madrid :
Nombre del editor, distribuidor, etc. Espasa-Calpe,
Fecha de publicación, distribución, etc. 1933.
300 ## - DESCRIPCIÓN FÍSICA
Extensión 221 p. ;
Dimensiones 20 cm.
505 8# - NOTA DE CONTENIDO CON FORMATO
Nota de contenido con formato Contiene: Primera parte: Espías ; Segunda parte: Prisiones de Rusia ; Tercera parte: La urbe roja
530 ## - NOTA DISPONIBLE DE FORMULARIO FÍSICO ADICIONAL
Nota de formato físico adicional disponible Disponible en formato digital.
852 4# - LOCALIZACIÓN
Ubicación ES-MaACL
Número de control de estantería B-8685
Ubicación en estantería Sala Pardo Bazán
Nota libre Revisado enlace: 9 de julio de 2025
856 4# - LOCALIZACIÓN Y ACCESO ELECTRÓNICOS
Identificador Uniforme de Recursos <a href="http://biblioteca.galiciana.gal/es/consulta/registro.do?id=450012">http://biblioteca.galiciana.gal/es/consulta/registro.do?id=450012</a>
Texto de enlace Galiciana: Biblioteca Dixital de Galicia
942 ## - ELEMENTOS DE ENTRADA SECUNDARIOS (KOHA)
Fuente del sistema de clasificación o colocación Clasificación decimal universal
Holdings
Estatus retirado Estado de pérdida Estado de daño No para préstamo Colección Biblioteca de origen Biblioteca actual Ubicación en estantería Fecha de adquisición Fuente de adquisición Total de préstamos Signatura topográfica completa Código de barras Visto por última vez Precio de reemplazo Tipo de ítem Koha
        Colección digital Biblioteca del Ateneo de Madrid Biblioteca del Ateneo de Madrid Sala Pardo Bazán 17/01/2008     B-8685 1043852 23/02/2023 23/02/2023 Libro impreso